000
00216 a2200097 4500
001
19975
100
_a
Lipschutz, S
245
_a
Theory & problems of set theory
260
_a
_b
Mcgraw-Hill
_c
090
_c
14584
_d
14584
942
_a
NUST-CAE
_c
M
_c
5096
999
_c
255048
_d
255048